[Event "XXX Mitropa Cup"]
[Site "Merlimont FRA"]
[Date "2011.10.08"]
[Round "1.1"]
[White "Petr, Martin"]
[Black "Brunello, Sabino"]
[Result "1/2-1/2"]
[WhiteElo "2526"]
[BlackElo "2569"]
[Annotator "ITA-CZE"]
[PlyCount "237"]
[EventDate "2011.10.08"]

1. d4 d5 2. c4 c6 3. Nf3 e6 4. e3 Bd6 5. Nbd2 f5 6. b3 Nf6 7. Bb2 Ne4 8. Bd3
Nd7 9. Ne5 Nxe5 10. dxe5 Bb4 11. Bxe4 dxe4 12. Qh5+ g6 13. Qe2 Qa5 14. a3 Bc3
15. Bxc3 Qxc3 16. O-O Qxe5 17. f3 c5 18. fxe4 Bd7 19. exf5 exf5 20. Nf3 Qe7 21.
e4 fxe4 22. Rae1 O-O 23. Qxe4 Qxe4 24. Rxe4 Rae8 25. Rxe8 Rxe8 26. Kf2 a5 27.
Rd1 Bc6 28. a4 h6 29. Rd6 Kf7 30. Ne1 Be4 31. Rd2 g5 32. Nd3 b6 33. Ne1 Kf6 34.
Nc2 Ke5 35. Ne3 Rf8+ 36. Ke2 h5 37. Rd7 Rf6 38. Rg7 Kd4 39. Nd1 Bxg2 40. Rxg5
Bf3+ 41. Kd2 Bxd1 42. Rd5+ Ke4 43. Kxd1 Rf1+ 44. Ke2 Rb1 45. Rxh5 Rb2+ 46. Kd1
Rxb3 47. Kd2 Rb4 48. Rh6 Rxa4 49. Rxb6 Kd4 50. Ra6 Ra2+ 51. Kc1 Kxc4 52. Kb1
Ra4 53. Kc2 Kb5 54. Rh6 Ra2+ 55. Kb3 Rf2 56. Rh8 Rf3+ 57. Kb2 Kb4 58. Rb8+ Kc4
59. Rh8 Rf2+ 60. Ka3 Rd2 61. h4 Kc3 62. h5 c4 63. h6 Rd6 64. h7 Rd7 65. Ka4 Ra7
66. Rg8 Rxh7 67. Rg3+ Kd4 68. Rg4+ Kd3 69. Rg3+ Kd2 70. Rg2+ Kd1 71. Rg1+ Ke2
72. Rg2+ Kf3 73. Rc2 Rc7 74. Kxa5 Ke3 75. Kb4 Kd3 76. Rc3+ Kd4 77. Rc1 c3 78.
Kb3 Rb7+ 79. Ka2 Ra7+ 80. Kb3 Rb7+ 81. Ka2 Rb2+ 82. Ka3 Kc4 83. Rh1 Rd2 84.
Rh4+ Rd4 85. Rh1 Rd8 86. Ka2 Rd2+ 87. Ka3 Re2 88. Rh4+ Kd3 89. Rh1 Kc2 90. Ka2
Rg2 91. Ka3 Rf2 92. Ka2 Rd2 93. Ka3 Rd3 94. Ka2 Rd8 95. Rh2+ Rd2 96. Rh1 Rd3
97. Ka3 Rd1 98. Rh2+ Kd3 99. Rh3+ Kc4 100. Rh4+ Rd4 101. Rh1 Re4 102. Ka2 Re8
103. Rh4+ Kd3 104. Rh1 Kd2 105. Kb3 Re2 106. Ka2 Re1 107. Rh2+ Kd3 108. Rh3+
Re3 109. Rh1 Kc2 110. Ka3 Re2 111. Ka2 Rd2 112. Ka3 Rd1 113. Rh2+ Kb1 114. Kb3
Rc1 115. Rg2 c2 116. Rh2 Rg1 117. Rxc2 Rg3+ 118. Rc3 Rxc3+ 119. Kxc3 1/2-1/2

[Event "XXX Mitropa Cup"]
[Site "Merlimont FRA"]
[Date "2011.10.08"]
[Round "1.2"]
[White "Rombaldoni, Denis"]
[Black "Kanovsky, David"]
[Result "1-0"]
[WhiteElo "2517"]
[BlackElo "2462"]
[Annotator "ITA-CZE"]
[PlyCount "71"]
[EventDate "2011.10.08"]

1. d4 Nf6 2. c4 c5 3. d5 e6 4. Nc3 exd5 5. cxd5 d6 6. e4 g6 7. Nge2 Bg7 8. Ng3
a6 9. a4 h5 10. Be2 Nbd7 11. O-O O-O 12. Bg5 Qc7 13. Qd2 Re8 14. f4 Nh7 15. Bh4
Bd4+ 16. Kh1 Ndf6 17. Bf3 Bg4 18. Nce2 Rac8 19. Nxd4 cxd4 20. Qxd4 Nd7 21. Bxg4
hxg4 22. Rae1 Qc5 23. Qd1 Qc2 24. Qxg4 Ndf6 25. Bxf6 Nxf6 26. Qf3 Qxb2 27. e5
Nd7 28. Qg4 Nc5 29. Nh5 Nd3 30. Nf6+ Kf8 31. Qh3 Nf2+ 32. Rxf2 Qxf2 33. Qh8+
Ke7 34. exd6+ Kxd6 35. Nxe8+ Kd7 36. Nf6+ 1-0

[Event "XXX Mitropa Cup"]
[Site "Merlimont FRA"]
[Date "2011.10.08"]
[Round "1.4"]
[White "Shytaj, Luca"]
[Black "Zilka, Stepan"]
[Result "1/2-1/2"]
[WhiteElo "2507"]
[BlackElo "2517"]
[Annotator "ITA-CZE"]
[PlyCount "48"]
[EventDate "2011.10.08"]

1. e4 e5 2. Nf3 Nc6 3. Bb5 a6 4. Ba4 Nf6 5. d3 b5 6. Bb3 Be7 7. O-O d6 8. c3
O-O 9. Re1 Na5 10. Bc2 c5 11. Nbd2 Nc6 12. Nf1 Re8 13. Ne3 Bf8 14. a4 Bb7 15.
Nf5 Ne7 16. N3h4 Ng6 17. Bg5 Nf4 18. Qf3 h6 19. Bxf4 exf4 20. Qxf4 g5 21. Qg3
Nh5 22. Qg4 Nf6 23. Qg3 Nh5 24. Qg4 Nf6 1/2-1/2

[Event "XXX Mitropa Cup"]
[Site "Merlimont FRA"]
[Date "2011.10.09"]
[Round "2.1"]
[White "Brunello, Sabino"]
[Black "Rapport, Richard"]
[Result "1-0"]
[WhiteElo "2569"]
[BlackElo "2547"]
[Annotator "ITA-HUN"]
[PlyCount "89"]
[EventDate "2011.10.08"]

1. e4 c5 2. Nf3 d6 3. g3 g6 4. Bg2 Bg7 5. O-O Nc6 6. c3 Bg4 7. h3 Bxf3 8. Qxf3
Nf6 9. Rd1 Nd7 10. Na3 O-O 11. Qe2 Rc8 12. d3 Qa5 13. Be3 Qa4 14. Qc2 Qxc2 15.
Nxc2 Rc7 16. a4 Na5 17. Rab1 Nb3 18. Na1 Nxa1 19. Rxa1 Ne5 20. a5 Rfc8 21. f4
Nc6 22. h4 b5 23. axb6 axb6 24. Bf1 b5 25. d4 cxd4 26. cxd4 Nb4 27. Ra5 Nc2 28.
Bf2 b4 29. e5 e6 30. d5 exd5 31. exd6 Rd7 32. Raxd5 Bxb2 33. Bb5 Rdd8 34. Ba4
Na3 35. d7 Rb8 36. Ba7 Rb7 37. Bc5 Bf6 38. Re1 Kg7 39. Re8 h5 40. Bf8+ Kh7 41.
Rd6 b3 42. Rxf6 b2 43. Rxf7+ Kg8 44. Rg7+ Kh8 45. Bxa3+ 1-0

[Event "XXX Mitropa Cup"]
[Site "Merlimont FRA"]
[Date "2011.10.09"]
[Round "2.2"]
[White "Prohaszka, Peter"]
[Black "Rombaldoni, Denis"]
[Result "1/2-1/2"]
[WhiteElo "2553"]
[BlackElo "2517"]
[Annotator "ITA-HUN"]
[PlyCount "46"]
[EventDate "2011.10.08"]

1. d4 d5 2. c4 c6 3. Nc3 Nf6 4. e3 g6 5. Nf3 Bg7 6. Be2 O-O 7. O-O dxc4 8. Bxc4
Nbd7 9. e4 Nb6 10. Be2 Bg4 11. a4 a5 12. h3 Bxf3 13. Bxf3 Ne8 14. Ne2 e5 15.
dxe5 Qxd1 16. Rxd1 Bxe5 17. Ra2 Nf6 18. b3 Rfd8 19. Rad2 Rxd2 20. Bxd2 Rd8 21.
Nc1 Bb2 22. Bxa5 Rxd1+ 23. Bxd1 Nxa4 1/2-1/2

[Event "XXX Mitropa Cup"]
[Site "Merlimont FRA"]
[Date "2011.10.09"]
[Round "2.3"]
[White "Godena, Michele"]
[Black "Nagy, Gabor"]
[Result "1-0"]
[WhiteElo "2527"]
[BlackElo "2404"]
[Annotator "ITA-HUN"]
[PlyCount "125"]
[EventDate "2011.10.08"]

1. e4 c5 2. c3 d5 3. exd5 Qxd5 4. d4 Nc6 5. Nf3 Nf6 6. Be2 e6 7. O-O cxd4 8.
cxd4 Be7 9. Nc3 Qd6 10. Nb5 Qd8 11. Bf4 Nd5 12. Bg3 a6 13. Nc3 O-O 14. Rc1 Nf6
15. a3 Nh5 16. Qd3 Nxg3 17. hxg3 Qb6 18. d5 exd5 19. Nxd5 Qd8 20. Rfd1 Be6 21.
Qe4 Bxd5 22. Rxd5 Qb6 23. b4 Rae8 24. Bd3 g6 25. Qf4 Rd8 26. Bc4 Rxd5 27. Bxd5
Nd8 28. Qc7 Qf6 29. Re1 Qd6 30. Rxe7 Qxd5 31. Rd7 Qc6 32. Qxc6 bxc6 33. Ra7 Ne6
34. Rxa6 c5 35. b5 Nc7 36. Ra5 Rb8 37. a4 c4 38. Ra7 Nd5 39. Rd7 Nb6 40. Rc7
Nxa4 41. Rxc4 Nb2 42. Rb4 Nd3 43. Rb1 Kf8 44. Nd4 Rb6 45. Kf1 Ke7 46. Ke2 Nc5
47. Ke3 Kd6 48. Rd1 Kc7 49. Rc1 Kd6 50. Rd1 Kc7 51. g4 Rb8 52. f3 Re8+ 53. Kd2
f6 54. Kc3 Kb6 55. Kc4 Rd8 56. Re1 Rd7 57. Re8 Rc7 58. Nc6 Rd7 59. Nb4 Na4 60.
Re6+ Kb7 61. Rxf6 Nb6+ 62. Kb3 Re7 63. Rxb6+ 1-0

[Event "XXX Mitropa Cup"]
[Site "Merlimont FRA"]
[Date "2011.10.09"]
[Round "2.4"]
[White "Bokros, Albert"]
[Black "Dvirnyy, Danyyil"]
[Result "1-0"]
[WhiteElo "2452"]
[BlackElo "2457"]
[Annotator "ITA-HUN"]
[PlyCount "74"]
[EventDate "2011.10.08"]

1. e4 c5 2. Nf3 d6 3. d4 Nf6 4. Nc3 cxd4 5. Nxd4 g6 6. Be2 Bg7 7. O-O O-O 8.
Re1 Nc6 9. Nb3 a6 10. Bf1 b5 11. a4 b4 12. Nd5 Nd7 13. c3 bxc3 14. Nxc3 Nb4 15.
a5 Rb8 16. Be3 Bb7 17. Qd2 Bc6 18. Rec1 Ba8 19. f3 d5 20. Rd1 e6 21. Nc5 Qe7
22. N3a4 Ne5 23. Nb6 Nec6 24. Ncd7 d4 25. Bg5 f6 26. Bh4 g5 27. Bf2 f5 28. Nxb8
Rxb8 29. exf5 exf5 30. Re1 Qd8 31. Re6 Bb7 32. Rae1 h6 33. Bc4 Kh7 34. h4 d3
35. hxg5 hxg5 36. Re8 Qd6 37. Qxg5 Rxe8 1-0

[Event "XXX Mitropa Cup"]
[Site "Merlimont FRA"]
[Date "2011.10.10"]
[Round "3.1"]
[White "Shengelia, David"]
[Black "Brunello, Sabino"]
[Result "1/2-1/2"]
[WhiteElo "2526"]
[BlackElo "2569"]
[Annotator "ITA-AUT"]
[PlyCount "74"]
[EventDate "2011.10.08"]

1. Nf3 Nf6 2. g3 d5 3. c4 c6 4. Bg2 e6 5. b3 Be7 6. O-O O-O 7. Bb2 b5 8. Qc2 a5
9. d4 bxc4 10. bxc4 a4 11. c5 Nbd7 12. Nbd2 Ba6 13. Rfe1 Qc8 14. e3 Bb5 15. Bf1
Bxf1 16. Rxf1 Qa6 17. Bc3 Ne8 18. Ne1 Nc7 19. Nd3 Nb5 20. Bb4 f6 21. Nb1 e5 22.
Na3 e4 23. Ne1 Nc7 24. Nb1 Ne6 25. f4 f5 26. a3 h6 27. Nc3 g5 28. Ng2 gxf4 29.
Nxf4 Nxf4 30. gxf4 Kh7 31. Qe2 Rg8+ 32. Kh1 Qc8 33. Rg1 Nf6 34. h3 Qe6 35. Kh2
Qf7 36. Rxg8 Rxg8 37. Rg1 Rxg1 1/2-1/2

[Event "XXX Mitropa Cup"]
[Site "Merlimont FRA"]
[Date "2011.10.10"]
[Round "3.2"]
[White "Rombaldoni, Denis"]
[Black "Kreisl, Robert"]
[Result "0-1"]
[WhiteElo "2517"]
[BlackElo "2402"]
[Annotator "ITA-AUT"]
[PlyCount "90"]
[EventDate "2011.10.08"]

1. d4 d5 2. c4 c6 3. Nf3 Nf6 4. e3 e6 5. b3 Nbd7 6. Bb2 b6 7. Bd3 Bb7 8. O-O
Be7 9. Nc3 O-O 10. Re1 Rc8 11. Rc1 Re8 12. Qc2 h6 13. e4 dxe4 14. Nxe4 c5 15.
Rcd1 Qc7 16. dxc5 bxc5 17. Ng3 Bxf3 18. gxf3 Rcd8 19. Kh1 Bd6 20. Qe2 Kf8 21.
Bb1 Bf4 22. Bc3 Nb8 23. Qb2 Rxd1 24. Rxd1 Rd8 25. Rg1 Nbd7 26. Rd1 Kg8 27. Qe2
Kf8 28. Kg2 Nb8 29. Bxf6 gxf6 30. Rxd8+ Qxd8 31. Qe4 Qd2 32. Qb7 Nd7 33. Qxa7
f5 34. Nf1 Qd4 35. b4 Bb8 36. Qb7 cxb4 37. c5 Be5 38. c6 Nb6 39. c7 Bxc7 40.
Qxc7 Nd5 41. Qd6+ Kg7 42. Kg1 Qd1 43. Qe5+ Kg6 44. Qb2 Nf4 45. Qxb4 Qxf3 0-1

[Event "XXX Mitropa Cup"]
[Site "Merlimont FRA"]
[Date "2011.10.10"]
[Round "3.3"]
[White "Diermair, Andreas"]
[Black "Shytaj, Luca"]
[Result "1-0"]
[WhiteElo "2414"]
[BlackElo "2507"]
[Annotator "ITA-AUT"]
[PlyCount "75"]
[EventDate "2011.10.08"]

1. Nf3 c5 2. c4 Nc6 3. Nc3 g6 4. e3 d6 5. d4 Bg4 6. Be2 Bg7 7. d5 Nb8 8. h3 Bc8
9. e4 Nf6 10. O-O O-O 11. Bf4 Nbd7 12. Qd2 Re8 13. Rfe1 a6 14. a4 Qa5 15. Bh2
Nf8 16. Bf1 e5 17. dxe6 Bxe6 18. Qxd6 Rad8 19. Qc7 Qb4 20. Nd5 Bxd5 21. exd5
Rc8 22. Qf4 Rxe1 23. Rxe1 N8d7 24. g4 Qxa4 25. Re7 Bf8 26. Re3 h6 27. h4 h5 28.
Bh3 hxg4 29. Bxg4 Qa1+ 30. Kg2 Qxb2 31. Bh3 Nh5 32. Qg5 Nhf6 33. h5 Nh7 34. Qf4
Rd8 35. hxg6 fxg6 36. Be6+ Kh8 37. Ng5 Nxg5 38. Qxg5 1-0

[Event "XXX Mitropa Cup"]
[Site "Merlimont FRA"]
[Date "2011.10.11"]
[Round "4.1"]
[White "Brunello, Sabino"]
[Black "Brunner, Nicolas"]
[Result "1-0"]
[WhiteElo "2569"]
[BlackElo "2466"]
[Annotator "ITA-FRA"]
[PlyCount "95"]
[EventDate "2011.10.08"]

1. c4 Nf6 2. Nc3 e5 3. g3 d5 4. cxd5 Nxd5 5. Bg2 Nb6 6. Nf3 Nc6 7. O-O Be7 8.
a3 O-O 9. b4 Be6 10. Rb1 f6 11. d3 a5 12. b5 Nd4 13. Nd2 Bd5 14. Nxd5 Nxd5 15.
Bb2 a4 16. Ba1 Qd7 17. Bxd4 exd4 18. Qc2 Kh8 19. Qc4 Nc3 20. Bxb7 Nxb1 21. Rxb1
Bxa3 22. Bxa8 Rxa8 23. Ra1 Qe7 24. Qc2 h6 25. Nc4 Bc5 26. Rxa4 Rxa4 27. Qxa4
Qxe2 28. Qa8+ Kh7 29. Qd5 Qe7 30. h4 Kh8 31. h5 Kh7 32. Kg2 Kh8 33. Kf3 Qf8 34.
g4 Ba7 35. Qb7 Qc5 36. Qc8+ Kh7 37. Qf5+ Qxf5+ 38. gxf5 Kg8 39. Ke4 Kf7 40. Kd5
Ke7 41. Kc6 Kd8 42. Nd2 Bb6 43. Nb3 Kc8 44. f3 Kd8 45. Nc1 Kc8 46. Ne2 Ba7 47.
Nf4 Bb6 48. Ne6 1-0

[Event "XXX Mitropa Cup"]
[Site "Merlimont FRA"]
[Date "2011.10.11"]
[Round "4.3"]
[White "Godena, Michele"]
[Black "Collas, Didier"]
[Result "1-0"]
[WhiteElo "2527"]
[BlackElo "2403"]
[Annotator "ITA-FRA"]
[PlyCount "61"]
[EventDate "2011.10.08"]

1. e4 c5 2. c3 Nf6 3. e5 Nd5 4. Bc4 Nb6 5. Bb3 Nc6 6. Nf3 d5 7. exd6 Qxd6 8.
Na3 a6 9. O-O e6 10. Qe2 Be7 11. d4 cxd4 12. Rd1 Bf6 13. Nc2 Na5 14. Ncxd4 Nxb3
15. Nb5 Qc6 16. Nd6+ Ke7 17. axb3 Rd8 18. Nf5+ Kf8 19. Rxd8+ Bxd8 20. Ne5 Qd5
21. c4 Qc5 22. Nxg7 Nd7 23. Nd3 Qd4 24. Bh6 Kg8 25. Nxe6 Qh4 26. Qe3 Bb6 27. c5
Nxc5 28. Nexc5 Bf5 29. Re1 f6 30. Qf3 Qxh6 31. Qxf5 1-0

[Event "XXX Mitropa Cup"]
[Site "Merlimont FRA"]
[Date "2011.10.11"]
[Round "4.4"]
[White "Houriez, Clement"]
[Black "Shytaj, Luca"]
[Result "0-1"]
[WhiteElo "2331"]
[BlackElo "2507"]
[Annotator "ITA-FRA"]
[PlyCount "96"]
[EventDate "2011.10.08"]

1. d4 Nf6 2. c4 e6 3. Nf3 c5 4. d5 exd5 5. cxd5 d6 6. Nc3 g6 7. Bf4 a6 8. a4
Bg7 9. e4 O-O 10. Be2 Nh5 11. Be3 Nd7 12. O-O Re8 13. Nd2 Nhf6 14. Re1 Ne5 15.
h3 Rb8 16. a5 b5 17. axb6 Rxb6 18. f4 Ned7 19. Bf3 Rb4 20. Qc2 Bb7 21. Bf2 Nh5
22. g3 Bc8 23. Kh2 a5 24. Rab1 Ba6 25. Na2 Bd4 26. Nxb4 Bxf2 27. Bxh5 cxb4 28.
Be2 Bxe1 29. Rxe1 Qb6 30. Kg2 Rc8 31. Qb3 Nc5 32. Qf3 Na4 33. e5 Nxb2 34. Bxa6
Qxa6 35. Ne4 Nd3 36. Re2 dxe5 37. fxe5 Nxe5 38. Nf6+ Kg7 39. Nh5+ gxh5 40. Rxe5
Qg6 41. h4 Rc2+ 42. Kh3 Qg4+ 43. Qxg4+ hxg4+ 44. Kxg4 b3 45. d6 a4 46. Rd5 Rc8
47. Rb5 Kf6 48. d7 Rc4+ 0-1

[Event "XXX Mitropa Cup"]
[Site "Merlimont FRA"]
[Date "2011.10.12"]
[Round "5.2"]
[White "Rombaldoni, Denis"]
[Black "Delorme, Alban"]
[Result "1-0"]
[WhiteElo "2517"]
[BlackElo "2306"]
[Annotator "ITA-FRA3"]
[PlyCount "97"]
[EventDate "2011.10.08"]

1. d4 d5 2. c4 e6 3. Nc3 Be7 4. Bf4 Nf6 5. e3 O-O 6. a3 dxc4 7. Bxc4 a6 8. Qf3
Ra7 9. Rd1 b5 10. Bd3 Bb7 11. Qh3 Bd6 12. Be5 Nbd7 13. Nf3 h6 14. O-O Qe7 15.
Bxf6 Nxf6 16. e4 e5 17. dxe5 Bxe5 18. Nxe5 Qxe5 19. f4 Qe6 20. Qg3 Nd7 21. e5
Raa8 22. Rde1 f5 23. exf6 Qxf6 24. Bb1 Rae8 25. Qd3 Qb6+ 26. Kh1 Nf6 27. Re5
Qd6 28. Qxd6 cxd6 29. Rxe8 Rxe8 30. Kg1 Kf8 31. h3 Ne4 32. Bxe4 Bxe4 33. Re1
Bc6 34. Rd1 Ke7 35. Kf2 Kd7 36. g4 g5 37. Rd4 Rf8 38. Kg3 Rxf4 39. Rxf4 gxf4+
40. Kxf4 Ke6 41. h4 a5 42. h5 Kf6 43. Ne2 Bd7 44. Nd4 a4 45. Nf3 Be8 46. Nd4
Bd7 47. Ne2 d5 48. Nd4 Be6 49. Nxe6 1-0

[Event "XXX Mitropa Cup"]
[Site "Merlimont FRA"]
[Date "2011.10.12"]
[Round "5.3"]
[White "Stephan, Victor"]
[Black "Godena, Michele"]
[Result "0-1"]
[WhiteElo "2302"]
[BlackElo "2527"]
[Annotator "ITA-FRA3"]
[PlyCount "90"]
[EventDate "2011.10.08"]

1. e4 e5 2. Nf3 Nc6 3. Bb5 a6 4. Ba4 Nf6 5. O-O b5 6. Bb3 Bc5 7. d3 d6 8. c3
Rb8 9. Nbd2 O-O 10. Re1 Bb6 11. Nf1 Ne7 12. Bg5 Ng6 13. Ne3 h6 14. Bxf6 Qxf6
15. Nd5 Qd8 16. d4 Ba7 17. Nb4 Bb7 18. Bd5 c5 19. dxc5 dxc5 20. Bxb7 cxb4 21.
Qxd8 Rfxd8 22. Bd5 bxc3 23. bxc3 Rdc8 24. Rac1 Rc7 25. g3 Rbc8 26. h4 Rxc3 27.
Rxc3 Rxc3 28. Kg2 Rc2 29. h5 Rxf2+ 30. Kh3 Nf4+ 31. gxf4 Rxf3+ 32. Kg2 Rf2+ 33.
Kh3 Rf3+ 34. Kg2 Rxf4 35. Rc1 Bd4 36. Rc8+ Kh7 37. Rc7 g6 38. Rxf7+ Rxf7 39.
Bxf7 gxh5 40. Bxh5 Kg7 41. Kf3 Kf6 42. Kg4 Ke7 43. Kf3 Kd6 44. Ke2 Kc5 45. Kd3
Kb4 0-1

[Event "XXX Mitropa Cup"]
[Site "Merlimont FRA"]
[Date "2011.10.12"]
[Round "5.4"]
[White "Dvirnyy, Danyyil"]
[Black "Barbot, Pierre"]
[Result "1-0"]
[WhiteElo "2457"]
[BlackElo "2225"]
[Annotator "ITA-FRA3"]
[PlyCount "233"]
[EventDate "2011.10.08"]

1. e4 c5 2. Nf3 Nc6 3. d4 cxd4 4. Nxd4 Nf6 5. Nc3 d6 6. Bg5 e6 7. Qd2 a6 8.
O-O-O Nxd4 9. Qxd4 Be7 10. f4 O-O 11. Be2 b5 12. Bxf6 Bxf6 13. Qxd6 Bb7 14.
Qxd8 Rfxd8 15. Bf3 Bd4 16. Rd3 f6 17. Rhd1 Bb6 18. Rxd8+ Rxd8 19. Rxd8+ Bxd8
20. Kd2 Kf7 21. a4 Bc7 22. g3 Bc6 23. axb5 axb5 24. Ne2 Ke7 25. b4 e5 26. fxe5
fxe5 27. Kd3 Bd6 28. c3 Be8 29. Ng1 Bd7 30. Be2 Kd8 31. Nf3 h6 32. Nd2 Kc7 33.
Nf1 Be6 34. Ne3 Bf8 35. Kc2 Kc6 36. Kd2 Be7 37. Bd3 Bf8 38. Nc2 Kb6 39. Na3 Bd7
40. Bc2 Be6 41. Bd3 Bd7 42. Be2 Be7 43. Bh5 Bg5+ 44. Ke2 Be6 45. h4 Be7 46. Bg6
Bd7 47. Nc2 Be6 48. Ne3 Bd6 49. Kf3 Kc7 50. Be8 Kb6 51. Bh5 Kc6 52. Bg6 Kc7 53.
Be8 Kb6 54. g4 Be7 55. Kg3 Bf6 56. Bg6 Kc6 57. Nf1 Bc4 58. Nd2 Be2 59. Bf7 Bd3
60. Bb3 Be2 61. Be6 Bd3 62. Bf7 Be2 63. Bb3 Kd6 64. Bd5 Bd3 65. Nb3 Bc2 66. Nc5
Be7 67. Kh3 Bb1 68. Kg3 Bc2 69. Nb7+ Kc7 70. Na5 Bd3 71. Nb3 Kd6 72. Nd2 Be2
73. Bb3 Bf6 74. Bc2 Kc6 75. Nb3 Bc4 76. Nc1 Be7 77. Bd3 Be6 78. Bc2 Bc4 79. Bd3
Be6 80. Ne2 Bb3 81. Ng1 Bd1 82. Be2 Bc2 83. Bf3 Bd3 84. Nh3 Bd8 85. Nf2 Bc2 86.
Bd1 Bb1 87. Bb3 Be7 88. Bd5+ Kd6 89. Nd1 Bd3 90. Ne3 Bf6 91. Kh3 Kd7 92. Ba8
Kd6 93. Nf5+ Kd7 94. Bd5 Bf1+ 95. Kg3 Be2 96. Bf7 Bd1 97. Ne3 Be2 98. c4 bxc4
99. Bxc4 Bxc4 100. Nxc4 Kc6 101. Ne3 Kb5 102. Nd5 Bd8 103. g5 hxg5 104. h5 Kc4
105. Ne3+ Kxb4 106. Kg4 Kc5 107. Kf5 Kd4 108. Ng4 Be7 109. Nxe5 Ke3 110. Ng6
Bd8 111. e5 g4 112. Kxg4 Ke4 113. e6 Bf6 114. e7 Bxe7 115. Nxe7 Ke5 116. Kg5
Ke6 117. Kg6 1-0

[Event "XXX Mitropa Cup"]
[Site "Merlimont FRA"]
[Date "2011.10.13"]
[Round "6.1"]
[White "Brunello, Sabino"]
[Black "Huschenbeth, Niclas"]
[Result "1/2-1/2"]
[WhiteElo "2569"]
[BlackElo "2510"]
[Annotator "ITA-GER"]
[PlyCount "63"]
[EventDate "2011.10.08"]

1. c4 e5 2. g3 Nf6 3. Bg2 c6 4. d4 e4 5. d5 Bb4+ 6. Bd2 Qe7 7. Nc3 O-O 8. e3
cxd5 9. cxd5 Na6 10. Nge2 d6 11. h3 Nc5 12. O-O Nd3 13. Nf4 Nxb2 14. Qb3 Bxc3
15. Bxc3 Nd3 16. Nxd3 exd3 17. Qb2 b6 18. Bxf6 Qxf6 19. Qxf6 gxf6 20. Rfd1 Ba6
21. Bf1 Rac8 22. Bxd3 Bxd3 23. Rxd3 Rc5 24. Rb1 Rfc8 25. Rb4 Ra5 26. a4 Rcc5
27. Rbd4 Rc1+ 28. Kg2 Kf8 29. Rf4 Rcc5 30. e4 Rxa4 31. Rxf6 Rxe4 32. Rxd6
1/2-1/2

[Event "XXX Mitropa Cup"]
[Site "Merlimont FRA"]
[Date "2011.10.13"]
[Round "6.2"]
[White "Prusikin, Michael"]
[Black "Rombaldoni, Denis"]
[Result "1/2-1/2"]
[WhiteElo "2541"]
[BlackElo "2517"]
[Annotator "ITA-GER"]
[PlyCount "51"]
[EventDate "2011.10.08"]

1. Nf3 Nf6 2. g3 b5 3. Bg2 Bb7 4. O-O e6 5. d4 Be7 6. c3 O-O 7. Bg5 d6 8. a4 a6
9. Na3 c6 10. Nd2 Qc7 11. Bxf6 Bxf6 12. axb5 axb5 13. Nxb5 cxb5 14. Rxa8 Bxa8
15. Bxa8 d5 16. Qb3 Nd7 17. Bxd5 exd5 18. Qxd5 Rb8 19. Ra1 Be7 20. Ra8 Nf6 21.
Rxb8+ Qxb8 22. Qb3 b4 23. e4 Qa8 24. e5 Ne4 25. Nxe4 Qxe4 26. Qd1 1/2-1/2

[Event "XXX Mitropa Cup"]
[Site "Merlimont FRA"]
[Date "2011.10.13"]
[Round "6.3"]
[White "Godena, Michele"]
[Black "Heimann, Andreas"]
[Result "1/2-1/2"]
[WhiteElo "2527"]
[BlackElo "2485"]
[Annotator "ITA-GER"]
[PlyCount "37"]
[EventDate "2011.10.08"]

1. e4 e5 2. Nf3 Nc6 3. Bc4 Nf6 4. Ng5 d5 5. exd5 Na5 6. Bb5+ c6 7. dxc6 bxc6 8.
Bd3 Ng4 9. Ne4 f5 10. Be2 h5 11. h3 fxe4 12. hxg4 Bc5 13. b4 Qd4 14. bxc5 O-O
15. O-O Qxa1 16. Nc3 e3 17. gxh5 exf2+ 18. Rxf2 Rxf2 19. Kxf2 1/2-1/2

[Event "XXX Mitropa Cup"]
[Site "Merlimont FRA"]
[Date "2011.10.13"]
[Round "6.4"]
[White "Bluebaum, Matthias"]
[Black "Shytaj, Luca"]
[Result "0-1"]
[WhiteElo "2388"]
[BlackElo "2507"]
[Annotator "ITA-GER"]
[PlyCount "78"]
[EventDate "2011.10.08"]

1. d4 Nf6 2. c4 c5 3. d5 e6 4. Nc3 exd5 5. cxd5 d6 6. e4 g6 7. h3 Bg7 8. Nf3
O-O 9. Bd3 a6 10. a4 Nh5 11. O-O Nd7 12. Bg5 Bf6 13. Be3 Re8 14. Nd2 Bd4 15.
Bxd4 cxd4 16. Ne2 Ne5 17. Ra3 Bd7 18. f4 Nxd3 19. Rxd3 f5 20. Rxd4 b5 21. Kh2
Rc8 22. exf5 Bxf5 23. Nf3 bxa4 24. g4 Bc2 25. Qd2 Nf6 26. Nc3 Bb3 27. f5 Qe7
28. fxg6 hxg6 29. Qg5 Qg7 30. Qf4 a3 31. Qd2 Ne4 32. Qd3 Nc5 33. Qb1 axb2 34.
Qxb2 Re3 35. Qd2 Rce8 36. Rf2 a5 37. Kg2 a4 38. Nb5 Qe7 39. Rf4 Nd3 0-1

[Event "XXX Mitropa Cup"]
[Site "Merlimont FRA"]
[Date "2011.10.14"]
[Round "7.2"]
[White "Rombaldoni, Denis"]
[Black "Gallagher, Joseph G."]
[Result "1-0"]
[WhiteElo "2517"]
[BlackElo "2510"]
[Annotator "ITA-SUI"]
[PlyCount "63"]
[EventDate "2011.10.08"]

1. d4 Nf6 2. c4 g6 3. g3 Bg7 4. Bg2 O-O 5. Nc3 d6 6. Nf3 Nbd7 7. O-O e5 8. e4
exd4 9. Nxd4 a6 10. Qc2 Re8 11. Rd1 Rb8 12. h3 c5 13. Nf3 b5 14. Bf4 b4 15.
Bxd6 bxc3 16. Bxb8 Qb6 17. Bf4 cxb2 18. Rab1 Nxe4 19. Re1 Bb7 20. Ng5 f5 21.
Nxe4 fxe4 22. Bxe4 Rxe4 23. Rxe4 g5 24. Re8+ Nf8 25. Re7 gxf4 26. Qf5 Qh6 27.
Rxb7 fxg3 28. Qf7+ Kh8 29. Qxg7+ Qxg7 30. Rxg7 gxf2+ 31. Kxf2 Kxg7 32. Rxb2 1-0

[Event "XXX Mitropa Cup"]
[Site "Merlimont FRA"]
[Date "2011.10.14"]
[Round "7.4"]
[White "Shytaj, Luca"]
[Black "Schiendorfer, Emanuel"]
[Result "1/2-1/2"]
[WhiteElo "2507"]
[BlackElo "2340"]
[Annotator "ITA-SUI"]
[PlyCount "156"]
[EventDate "2011.10.08"]

1. e4 c5 2. Nf3 d6 3. d4 cxd4 4. Nxd4 Nf6 5. Nc3 a6 6. Be3 Ng4 7. Bg5 h6 8. Bh4
g5 9. Bg3 Bg7 10. Be2 Ne5 11. Nf5 Bxf5 12. exf5 Nbc6 13. Nd5 Rc8 14. c3 O-O 15.
h4 e6 16. hxg5 exd5 17. f6 Re8 18. fxg7 Qxg5 19. Kf1 Ne7 20. Rh5 Qf6 21. Qd2
Nf5 22. Bf4 Nc4 23. Bxc4 Rxc4 24. Rh3 Re6 25. Re1 Rce4 26. Rxe4 dxe4 27. g4 e3
28. Bxe3 Nxe3+ 29. Rxe3 Rxe3 30. Qxe3 Kxg7 31. Qe4 Qg6 32. Qxb7 Qb1+ 33. Ke2
Qxa2 34. Qb4 a5 35. Qd4+ Kg8 36. c4 Qb3 37. Kd2 Qb4+ 38. Kc2 a4 39. Qd3 Qc5 40.
f3 Kf8 41. Qd5 Qb4 42. Qb5 Qe1 43. Qb8+ Ke7 44. Qc7+ Ke6 45. Qc8+ Ke7 46. Qb7+
Kf8 47. Qd5 Qb4 48. Qb5 Qe1 49. Qb8+ Ke7 50. Qb7+ Kf8 51. Qa8+ Kg7 52. Qd5 Qb4
53. Qd4+ Kg8 54. Qc3 Qc5 55. Qd3 Kf8 56. Qe4 Kg7 57. Kd3 a3 58. bxa3 Qxa3+ 59.
Ke2 Qb2+ 60. Ke3 Qc3+ 61. Kf4 Kg8 62. Qd5 Qc1+ 63. Ke4 Qe1+ 64. Kf5 Qe7 65. Kf4
Qf6+ 66. Kg3 Kg7 67. Qe4 Qc3 68. Qd5 Qf6 69. Kf2 Qb2+ 70. Ke3 Qc3+ 71. Ke4 Qe1+
72. Kf5 Qb1+ 73. Qe4 Qa1 74. Qd5 Qb1+ 75. Kf4 Qc1+ 76. Ke4 Qe1+ 77. Kf4 Qc1+
78. Ke4 Qe1+ 1/2-1/2

[Event "XXX Mitropa Cup"]
[Site "Merlimont FRA"]
[Date "2011.10.15"]
[Round "8.1"]
[White "Brunello, Sabino"]
[Black "Gozzoli, Yannick"]
[Result "1/2-1/2"]
[WhiteElo "2569"]
[BlackElo "2522"]
[Annotator "ITA-FRA2"]
[PlyCount "49"]
[EventDate "2011.10.08"]

1. c4 e6 2. g3 Nf6 3. Bg2 d5 4. Nf3 dxc4 5. Qa4+ c6 6. Qxc4 b5 7. Qc2 Bb7 8. d4
Nbd7 9. Ne5 Qb6 10. Nxd7 Nxd7 11. Be3 c5 12. Bxb7 Qxb7 13. O-O Rc8 14. Rc1 Be7
15. dxc5 Nxc5 16. b4 Bf6 17. bxc5 Bxa1 18. c6 Qe7 19. Nc3 Bxc3 20. Qxc3 f6 21.
c7 O-O 22. Bxa7 Qd6 23. Qc5 Qxc5 24. Rxc5 Ra8 25. Bb6 1/2-1/2

[Event "XXX Mitropa Cup"]
[Site "Merlimont FRA"]
[Date "2011.10.15"]
[Round "8.2"]
[White "Milliet, Sophie"]
[Black "Rombaldoni, Denis"]
[Result "1-0"]
[WhiteElo "2374"]
[BlackElo "2517"]
[Annotator "ITA-FRA2"]
[PlyCount "71"]
[EventDate "2011.10.08"]

1. e4 c6 2. d4 d5 3. f3 e6 4. Nc3 Bb4 5. Bd2 Nf6 6. e5 Nfd7 7. Nce2 Bxd2+ 8.
Qxd2 c5 9. c3 cxd4 10. cxd4 Nc6 11. f4 b5 12. Nf3 b4 13. Ng3 Rb8 14. b3 g6 15.
Be2 Qb6 16. O-O Ne7 17. Rac1 Bb7 18. Bd3 O-O 19. h4 Rfc8 20. h5 a5 21. hxg6
hxg6 22. Rxc8+ Rxc8 23. f5 exf5 24. Qf4 Nf8 25. Qh4 Rc7 26. Kf2 Ne6 27. Rh1 Kf8
28. Qf6 Ng8 29. Rh8 Rc3 30. Nxf5 gxf5 31. Qh6+ Ke7 32. Rxg8 Kd7 33. Qf6 Kc6 34.
Qxf7 Nxd4 35. Qe8+ Kc5 36. Qe7+ 1-0